000 00818nam a2200217 4500
003 CO-ViMGA
020 _a9789581414666
040 _aCO-ViMGA
_bspa
_cCO-ViMGA
082 0 4 _a635
_bL25h
100 1 _aLemaitre, Hortensia,
_d1966-
_98405
245 1 0 _aEl huerto ecológico en macetas :
_bmanual para horticultores urbanos /
_cHortensia Lemaitre.
260 _aBogotá :
_bPlaza & Janés,
_c2016.
300 _a238 páginas ;
_bilustraciones en blanco y negro ; 22 cm.
490 _aPlan Nacional de Lectura y Escritura Leer es mi Cuento / Ministerio de Cultura
650 1 4 _aAgricultura biologica
_98409
650 1 4 _aHortalizas
_xEnfermedades y plagas
_98407
650 1 4 _aHorticultura
_xManuales
_98406
650 1 4 _aHorticultura ecológica
_98408
700 1 _aGállego, José T.,
_d1973-
_98410
942 _2ddc
_cBK
999 _c7561
_d7561